| 000 | 01492 a2200205 4500 | ||
|---|---|---|---|
| 001 | 28405 | ||
| 005 | 20260407155555.0 | ||
| 008 | 260407a1968 arg spa d | ||
| 003 | AR-UNSa-BCEJYS | ||
| 040 |
_aAR-UNSa-BCEJYS _bspa _cAR-UNSa-BCEJYS |
||
| 080 |
_a342 _xDerecho constitucional (Derecho Público) |
||
| 245 | 1 | 0 |
_aDerecho Constitucional _prealidad, normatividad y justicia en el derecho constitucional |
| 264 | 1 |
_aBuenos Aires : _bEDIAR _c1968 |
|
| 300 |
_a2 v. _c23 cm. |
||
| 505 | _aVol. I: 1. Introducción al derecho constitucional - 2. La Constitución - 3. El Poder constituyente - 4. La supremacia de la constitución y la inconstitucionalidad - 5. El estado en el orden constitucional - 6. Régimen electoral y derechos políticos - 7. Factores de presión, factores de poder y fuerzas políticas - 8. La constitución del estado federal - 9. Las emergencias en el derecho constitucional - 10. La estructura organica y funcional del poder -- Vol. II: 11. El problema religioso en el orden constitucional - 12. La constitucionalización de los derechos individuales - 13. La libertad y la igualdad jurídicas - 14. Las libertades y los derechos del hombre - 15. Los derechos económicos - 16. Los derechos sociales - 17. Las garantías frente al estado - 18. El amparo jurisdiccional de la libertad - 19. Limitación y retricción de derechos y grantías | ||
| 041 | _aspa | ||
| 942 | _cBK | ||
| 590 | _aniveau_biblio:m niveau_hierar:0 | ||
| 100 | 1 | _aBidart Campos, German J. | |
| 999 |
_c1708 _d1708 |
||